A futóhomok mozgásának törvényei
Elmentve itt :
| Szerző: | |
|---|---|
| Dokumentumtípus: | Cikk |
| Megjelent: |
1902
|
| Kulcsszavak: | Futóhomok - geológia |
| Online Access: | http://misc.bibl.u-szeged.hu/24995 |
| LEADER | 00509nab a2200157 i 4500 | ||
|---|---|---|---|
| 001 | misc24995 | ||
| 005 | 20191106145247.0 | ||
| 008 | 170928s1902 hu o 0|| zxx d | ||
| 040 | |a SZTE Miscellanea Repozitórium |b hun | ||
| 041 | |a zxx | ||
| 100 | 1 | |a Cholnoky Jenő | |
| 245 | 1 | 2 | |a A futóhomok mozgásának törvényei |h [elektronikus dokumentum] / |c Cholnoky Jenő |
| 260 | |c 1902 | ||
| 300 | |a 6-38 | ||
| 695 | |a Futóhomok - geológia | ||
| 856 | 4 | 0 | |u http://misc.bibl.u-szeged.hu/24995/1/014_009_006-038.pdf |z Dokumentum-elérés |